Vainqueurs du Grand Prix de France de Formule 1 - Statistiques

Statistiques générales
  • Ce quiz a été pris 628 fois
    495 depuis la dernière actualisation
  • Le résultat moyen est 42 sur 63
Statistiques - réponses
Année Circuit Vainqueur Ecurie % Correct
2018 Le Castellet Lewis Hamilton Mercedes
98%
2019 Le Castellet Lewis Hamilton Mercedes
98%
2021 Le Castellet Max Verstappen Red Bull-Honda
97%
2022 Le Castellet Max Verstappen Red Bull
97%
1994 Magny-Cours Michael Schumacher Benetton-Ford
96%
1995 Magny-Cours Michael Schumacher Benetton-Renault
96%
1997 Magny-Cours Michael Schumacher Ferrari
96%
1998 Magny-Cours Michael Schumacher Ferrari
96%
2001 Magny-Cours Michael Schumacher Ferrari
96%
2002 Magny-Cours Michael Schumacher Ferrari
96%
2004 Magny-Cours Michael Schumacher Ferrari
96%
2006 Magny-Cours Michael Schumacher Ferrari
96%
2003 Magny-Cours Ralf Schumacher Williams-BMW
96%
1981 Dijon-Prenois Alain Prost Renault
94%
1983 Le Castellet Alain Prost Renault
94%
1988 Le Castellet Alain Prost McLaren-Honda
94%
1989 Le Castellet Alain Prost McLaren-Honda
94%
1990 Le Castellet Alain Prost Ferrari
94%
1993 Magny-Cours Alain Prost Williams-Renault
94%
2005 Magny-Cours Fernando Alonso Renault
93%
2007 Magny-Cours Kimi Räikkönen Ferrari
88%
1950 Reims Juan Manuel Fangio Alfa Romeo
85%
Juan Manuel Fangio
85%
1954 Reims Juan Manuel Fangio Mercedes
85%
1957 Rouen-les-Essarts Juan Manuel Fangio Maserati
85%
2008 Magny-Cours Felipe Massa Ferrari
83%
1996 Magny-Cours Damon Hill Williams-Renault
81%
1975 Le Castellet Niki Lauda Ferrari
77%
1984 Dijon-Prenois Niki Lauda McLaren-TAG Porsche
77%
1952 Rouen-les-Essarts Alberto Ascari Ferrari
72%
1986 Le Castellet Nigel Mansell Williams-Honda
71%
1987 Le Castellet Nigel Mansell Williams-Honda
71%
1991 Magny-Cours Nigel Mansell Williams-Renault
71%
1992 Magny-Cours Nigel Mansell Williams-Renault
71%
1976 Le Castellet James Hunt McLaren-Ford
66%
1985 Le Castellet Nelson Piquet Brabham-BMW
66%
1969 Clermont-Ferrand Jackie Stewart Matra-Ford
64%
1971 Le Castellet Jackie Stewart Tyrrell-Ford
64%
1972 Clermont-Ferrand Jackie Stewart Tyrrell-Ford
64%
2000 Magny-Cours David Coulthard McLaren-Mercedes
63%
1963 Reims Jim Clark Lotus-Climax
59%
1965 Clermont-Ferrand Jim Clark Lotus-Climax
59%
1960 Reims Jack Brabham Cooper-Climax
58%
1966 Reims Jack Brabham Brabham-Repco
58%
1967 Le Mans Jack Brabham Brabham-Repco
58%
1980 Le Castellet Alan Jones Williams-Ford
49%
1982 Le Castellet René Arnoux Renault
49%
1977 Dijon-Prenois Mario Andretti Lotus-Ford
47%
1978 Le Castellet Mario Andretti Lotus-Ford
47%
1970 Clermont-Ferrand Jochen Rindt Lotus-Ford
40%
1953 Reims Mike Hawthorn Ferrari
37%
1958 Reims Mike Hawthorn Ferrari
37%
1999 Magny-Cours Heinz-Harald Frentzen Jordan-Mugen-Honda
36%
1968 Rouen-les-Essarts Jacky Ickx Ferrari
35%
1979 Dijon-Prenois Jean-Pierre Jabouille Renault
33%
1973 Le Castellet Ronnie Peterson Lotus-Ford
27%
1974 Dijon-Prenois Ronnie Peterson Lotus-Ford
27%
1959 Reims Tony Brooks Ferrari
26%
1956 Reims Peter Collins Ferrari
16%
1962 Rouen-les-Essarts Dan Gurney Porsche
12%
1964 Rouen-les-Essarts Dan Gurney Brabham-Climax
12%
1951 Reims Luigi Fagioli Alfa Romeo
11%
1961 Reims Giancarlo Baghetti Ferrari
8%
Aucun quiz correspondant
Distribution des résultats
% des personnes avec chaque résultat
Percentile par nombre de réponses
Votre historique - résultats
Vous n’avez pas pris ce quiz depuis la dernière actualisation